| 000 | 00461nam a22001697a 4500 | ||
|---|---|---|---|
| 003 | 0 | ||
| 005 | 20231124123920.0 | ||
| 008 | 231104b xxu||||| |||| 00| 0 eng d | ||
| 020 | _a978-1-444-94213-2 | ||
| 050 |
_aTR _bThi444 2019 |
||
| 100 | _aGray, Kes | ||
| 245 |
_aThink big! _cKes Gray |
||
| 260 |
_aLondon _bHodder Children's Books _cc2019. |
||
| 300 |
_a26 pages : _bcolored illustrations ; _c25 cm. |
||
| 650 | _aChildrens stories. | ||
| 942 |
_2lcc _cBK |
||
| 999 |
_c365553 _d365553 |
||